| 000 | 00384pab a2200157 454500 | ||
|---|---|---|---|
| 008 | 180718b1995 xxu||||| |||| 00| 0 eng d | ||
| 100 | _aHillman, Mayer | ||
| 245 | _aTransport and the environment. | ||
| 260 | _c1995 | ||
| 300 | _ap.244-47 | ||
| 362 | _aApr-Jun | ||
| 650 | _aPollution - U.K. | ||
| 650 | _aTransportation - U.K. | ||
| 773 | _aPolitical Quarterly | ||
| 909 | _a28692 | ||
| 999 |
_c28692 _d28692 |
||